| 000 | 00818nam a2200229 i 4500 | ||
|---|---|---|---|
| 001 | 184200 | ||
| 003 | ES-MaACL | ||
| 005 | 20251007171813.0 | ||
| 008 | 150504s1969 sp ao |||| |bspa d | ||
| 080 | _a929 Pablo, Santo | ||
| 100 | 1 |
_aGhilardi, Agostino. _9156815 |
|
| 245 | 1 | 0 |
_aSan Pablo / _ctexto de Agostino Ghilardi ; traducción y adaptación de Antonio González Morales. |
| 260 |
_aMadrid : _bPrensa Española, _c[1969] |
||
| 300 |
_a75 p. : _bil. col. y n., mapa ; _c29 cm. |
||
| 490 | 1 | _aGrandes de todos los tiempos | |
| 598 | _aPublicación mensual; feb. 1969. | ||
| 600 | 0 | 4 |
_aPablo _cSanto. _988088 |
| 700 | 1 |
_aGonzález Morales, Antonino, _d1919- _9156839 |
|
| 830 | 0 |
_aGrandes de todos los tiempos _9184021 |
|
| 852 |
_aES-MaACL _jE-15600 _z. - enc. cart. |
||
| 999 |
_c184200 _d184200 |
||